Claudicación en el uso de preposiciones

Uloženo v:
Podrobná bibliografie
Hlavní autor: García Yebra, Valentín
Médium: Kniha
Jazyk:Undetermined
Vydáno: Madrid, España Gredos 1988
Témata:
Tagy: Přidat tag
Žádné tagy, Buďte první, kdo vytvoří štítek k tomuto záznamu!

MARC

LEADER 00000nam a2200000Ia 4500
008 170316s9999 xx 000 0 und d
090 |a 415-E G-3e 
100 |a García Yebra, Valentín 
245 |a Claudicación en el uso de preposiciones 
260 |a Madrid, España 
260 |b Gredos 
260 |c 1988 
300 |a 287 páginas 
650 |a GRAMÁTICA ESPAÑOLA 
999 |c 18959  |d 18959 
040 |a cru BVZT 
942 |c 15 D  |h 415-E G-3e  |2 z